Gracefully insane : (Record no. 956)

MARC details
000 -LEADER
fixed length control field 00972cam a22003374a 4500
005 - DATE AND TIME OF LATEST TRANSACTION
control field 20260322212041.0
008 - FIXED-LENGTH DATA ELEMENTS--GENERAL INFORMATION
fixed length control field data
010 ## - LIBRARY OF CONGRESS CONTROL NUMBER
LC control number 2001048339
020 ## - INTERNATIONAL STANDARD BOOK NUMBER
International Standard Book Number 9781586481612
020 ## - INTERNATIONAL STANDARD BOOK NUMBER
International Standard Book Number 1891620754
020 ## - INTERNATIONAL STANDARD BOOK NUMBER
International Standard Book Number 9781891620751
040 ## - CATALOGING SOURCE
Original cataloging agency DLC
Transcribing agency DLC
Modifying agency YDX
041 09 - LANGUAGE CODE
Language code of text/sound track or separate title eng
042 ## - AUTHENTICATION CODE
Authentication code nlmcopyc
-- nlmcopyc
043 ## - GEOGRAPHIC AREA CODE
Geographic area code n-us-ma
044 ## - COUNTRY OF PUBLISHING/PRODUCING ENTITY CODE
-- United States
049 ## - LOCAL HOLDINGS (OCLC)
Holding library NLMM
050 00 - LIBRARY OF CONGRESS CALL NUMBER
Classification number RC445.M4
Item number B442 2001
060 10 - NATIONAL LIBRARY OF MEDICINE CALL NUMBER
Classification number WM 28 AM4
Item number B366g 2001
082 00 - DEWEY DECIMAL CLASSIFICATION NUMBER
Classification number 362.2/1/097444
Edition information 21
092 ## - LOCALLY ASSIGNED DEWEY CALL NUMBER (OCLC)
Classification number 362.21 B366 2001
001 - CONTROL NUMBER
control field data
100 1# - MAIN ENTRY--PERSONAL NAME
Personal name Beam, Alex.
245 10 - TITLE STATEMENT
Title Gracefully insane :
Remainder of title life and death inside America's premier mental hospital /
Statement of responsibility, etc. Alex Beam.
260 ## - PUBLICATION, DISTRIBUTION, ETC.
Place of publication, distribution, etc. New York :
Name of publisher, distributor, etc. Public Affairs,
Date of publication, distribution, etc. c2001.
300 ## - PHYSICAL DESCRIPTION
Extent 273 p. :
Other physical details ill. ;
Dimensions 24 cm.
504 ## - BIBLIOGRAPHY, ETC. NOTE
Bibliography, etc. note Includes bibliographical references (p. 249-255) and index.
610 22 - SUBJECT ADDED ENTRY--CORPORATE NAME
Corporate name or jurisdiction name as entry element McLean Hospital
650 #2 - SUBJECT ADDED ENTRY--TOPICAL TERM
Topical term or geographic name entry element Hospitals, Psychiatric
General subdivision history
Geographic subdivision Massachusetts
650 #3 - SUBJECT ADDED ENTRY--TOPICAL TERM
Topical term or geographic name entry element McLean Hospital
General subdivision History
Holdings
Withdrawn status Lost status Damaged status Not for loan Home library Current library Shelving location Date acquired Total checkouts Full call number Barcode Date last seen Price effective from Koha item type
        Franklin Franklin General stacks 22/03/2026   362.2/1/097444 21 BC0010988 22/03/2026 22/03/2026 Books